Perechod k rynočnoj ekonomike i privatizacija torgovli.
Likvidácia monopolizmu v obchode a vytváranie alternatívnych obchodných štruktúr adekvátnych trhu. Exogénne a endogénne faktory, vplývajúce na úspešnosť malej privatizácie. Argumenty zástancov príkazovo-administratívneho systému proti uskutočňovaniu malej privatizácie v súčasných podmienkach.
Saved in:
| Main Author: | |
|---|---|
| Format: | Book Chapter |
| Language: | Russian |
| Subjects: | |
| Tags: |
No Tags, Be the first to tag this record!
|
MARC
| LEADER | 00000naa a2200000 4500 | ||
|---|---|---|---|
| 001 | r007183 | ||
| 005 | 20221130103915.6 | ||
| 041 | 0 | |a rus | |
| 044 | |a [SU] | ||
| 245 | 1 | 0 | |a Perechod k rynočnoj ekonomike i privatizacija torgovli. |c D. Rubval'ter |
| 520 | |a Likvidácia monopolizmu v obchode a vytváranie alternatívnych obchodných štruktúr adekvátnych trhu. Exogénne a endogénne faktory, vplývajúce na úspešnosť malej privatizácie. Argumenty zástancov príkazovo-administratívneho systému proti uskutočňovaniu malej privatizácie v súčasných podmienkach. | ||
| 610 | 2 | 0 | |a privatizácia |
| 610 | 2 | 0 | |a obchod vnútorný |
| 610 | 2 | 0 | |a trh |
| 610 | 2 | 0 | |a Rusko |
| 100 | 1 | |a Rubval'ter, D. | |